Riadenie procesov - parametrizácia

Procesné riadenie. Efektívne riadenie procesu. Nájdenie všetkých parametrov jednotlivých vstupov a výstupov. Popis jednotlivých parametrov z pohľadu riadenia. Určenie riadiacich parametrov a cieľových hodnôt.

Gespeichert in:
Bibliographische Detailangaben
1. Verfasser: Laluštiak, Miroslav
Format: Buchkapitel
Sprache:Slowakisch
Schlagworte:
Tags: Tag hinzufügen
Keine Tags, Fügen Sie das erste Tag hinzu!

MARC

LEADER 00000naa$a2200000$$$4500
001 0078534
005 20231012065557.8
041 0 |a slo 
044 |a SK 
245 1 0 |a Riadenie procesov - parametrizácia  |c Miroslav Laluštiak 
520 |a Procesné riadenie. Efektívne riadenie procesu. Nájdenie všetkých parametrov jednotlivých vstupov a výstupov. Popis jednotlivých parametrov z pohľadu riadenia. Určenie riadiacich parametrov a cieľových hodnôt. 
610 2 0 |a riadenie procesné 
610 2 0 |a procesy podnikové 
610 2 0 |a ciele podnikové 
610 2 0 |a parametre 
100 1 |a Laluštiak, Miroslav